00787cam a2200229 a 4500999001500000001000600015003000900021005001700030008004100047020001900088020001500107040003800122082002000160100002800180245005400208260004400262300003200306504005100338650003800389942001200427952011800439 c3328d332810814BD-DhUAP20200303155439.0200303s1998 bg abf b f000 0 eng  a9781405317719  a140531771X aBD-DhUAPcBD-DhUAPdBD-DhUAPbEng a751.422 BAR223 aBarnes-Mellish, Glynis. aWatercolour workshop II /cGlynis Barnes-Mellish. aLondon : bDorling Kindersley, cc2007. a128 pages :bill. ;c27 cm. aIncludes bibliographical references and index. aWatercolor painting -- Technique. 2ddccBK 00102ddc4070aUAPCLbUAPCLcGeneral Stacksd2020-03-03o751.422 BARp3010010814r2020-03-03t1w2020-03-03yBK